00438nam a22001337a 450000500170000000800410001702000180005804000130007608200190008910000320010824501210014026000320026130000110029320190720101443.0190720b ||||| |||| 00| 0 eng d a9783110306750 cPK-LaUMT a610.153bWOR-M aWorthoff, Wieland Alexander aMedical Physics :bexercises and examples /cby Wieland Alexander Worthoff, Hans Geroge Krojanski and Dieter Sulter aBoston :bDe Gruyter,c2014 a217 p.